[Event "36 R.G.Nezhmetdinov Memorial"]
[Site "Kazan"]
[Date "2014.06.03"]
[Round "4.3"]
[White "Volkov, Sergey"]
[Black "Rozum, Ivan"]
[Result "1-0"]
[WhiteElo "2584"]
[BlackElo "2535"]
[PlyCount "153"]
[EventDate "2014.??.??"]

1. d4 Nf6 2. c4 e6 3. Nc3 Bb4 4. f3 Nc6 5. e4 d5 6. cxd5 exd5 7. e5 Ng8 8. f4
Nge7 9. Be3 O-O 10. Be2 Na5 11. Bf2 Nc4 12. Qa4 a5 13. Qb3 c5 14. dxc5 Qc7 15.
Nf3 Bxc5 16. Nd4 Be6 17. Rd1 a4 18. Qc2 Bxd4 19. Bxd4 Rfd8 20. O-O Nf5 21. Bxc4
Qxc4 22. Qf2 h5 23. Rd2 Rac8 24. Rfd1 Rd7 25. Rd3 Qa6 26. a3 Qc4 27. Qf3 g6 28.
h3 h4 29. Ne2 Qb5 30. R3d2 Rc4 31. Bf2 Rdc7 32. Nd4 Nxd4 33. Bxd4 Rc1 34. Kh2
Rxd1 35. Qxd1 Rc4 36. Qe1 Qa5 37. Bc3 Rxc3 38. bxc3 Qxc3 39. Rd1 Qxa3 40. Ra1
Qg3+ 41. Qxg3 hxg3+ 42. Kxg3 b5 43. Kf3 Bf5 44. Ke3 Bc2 45. Rc1 Be4 46. Rc8+
Kg7 47. Rb8 Bxg2 48. Rxb5 Bxh3 49. Ra5 d4+ 50. Kxd4 g5 51. Rxa4 gxf4 52. Ke4
Be6 53. Ra6 Kg6 54. Kxf4 Kh6 55. Ra1 Kg7 56. Kg5 Bc4 57. Rc1 Bb3 58. Rg1 Be6
59. Kh5+ Kf8 60. Kh6 Ke7 61. Kg5 Bd7 62. Rd1 Be6 63. Ra1 Bd7 64. Ra7 Ke6 65.
Kf4 Bc8 66. Ke4 Bd7 67. Ra6+ Ke7 68. Kd5 Bg4 69. Ra7+ Kf8 70. Kd6 Be6 71. Ra4
Bb3 72. Ra8+ Kg7 73. Ra3 Bc4 74. Ke7 Kg6 75. Rf3 Ba2 76. Kf8 Bd5 77. Rf6+ 1-0

[Event "36 R.G.Nezhmetdinov Memorial"]
[Site "Kazan"]
[Date "2014.06.03"]
[Round "4.4"]
[White "Rychagov, Andrey"]
[Black "Shariyazdanov, Andrey"]
[Result "1-0"]
[WhiteElo "2535"]
[BlackElo "2568"]
[PlyCount "89"]
[EventDate "2014.??.??"]

1. d4 Nf6 2. c4 e6 3. Nc3 d5 4. Bg5 Be7 5. e3 h6 6. Bh4 O-O 7. Nf3 Nbd7 8. Rc1
c6 9. Bd3 dxc4 10. Bxc4 b5 11. Bd3 a6 12. O-O c5 13. a4 c4 14. Bb1 Qb6 15. axb5
axb5 16. Ne5 Re8 17. f4 Bb7 18. Qc2 Nf8 19. f5 Ba6 20. Bxf6 Bxf6 21. Ng4 Bg5
22. f6 e5 23. fxg7 Kxg7 24. h4 Bxh4 25. Qf5 Qg6 26. Qf3 Qe6 27. Nxe5 Bg5 28.
Bf5 Qe7 29. Nd5 Bb7 30. Be4 Bxd5 31. Bxd5 f6 32. Bxa8 fxe5 33. Bc6 exd4 34.
Bxe8 Bxe3+ 35. Kh1 Qxe8 36. Ra1 Qe7 37. Ra7 Qxa7 38. Qxf8+ Kg6 39. Qf5+ Kg7 40.
Qf8+ Kg6 41. Qg8+ Kh5 42. Rf5+ Bg5 43. Qe8+ Kg4 44. Qe4+ Kh5 45. Rf3 1-0

[Event "36 R.G.Nezhmetdinov Memorial"]
[Site "Kazan"]
[Date "2014.06.03"]
[Round "4.5"]
[White "Mozharov, Mikhail"]
[Black "Matinian, Nikita"]
[Result "1/2-1/2"]
[WhiteElo "2552"]
[BlackElo "2478"]
[PlyCount "94"]
[EventDate "2014.??.??"]

1. d4 Nf6 2. c4 g6 3. Nc3 Bg7 4. e4 d6 5. Nf3 O-O 6. Be2 e5 7. O-O Nc6 8. d5
Ne7 9. b4 Nh5 10. Re1 f5 11. Ng5 Nf6 12. Bf3 h6 13. Ne6 Bxe6 14. dxe6 c6 15. b5
fxe4 16. Nxe4 Nxe4 17. Bxe4 d5 18. cxd5 cxd5 19. Ba3 dxe4 20. Qxd8 Rfxd8 21.
Bxe7 Re8 22. Bc5 Rxe6 23. Be3 a6 24. b6 Bf6 25. g3 Bd8 26. Rab1 Kf7 27. h4 Rc8
28. a4 h5 29. Red1 Ke8 30. Rb4 Rcc6 31. a5 Red6 32. Ra1 Rd5 33. Rxe4 Kd7 34.
Kg2 Be7 35. Ra2 Bc5 36. Bd2 Bd4 37. f4 exf4 38. Rxf4 Bf6 39. Bb4 g5 40. hxg5
Rxg5 41. Raf2 Rg6 42. Re4 Rg8 43. Rd2+ Kc8 44. Kh3 Bc3 45. Rc2 Bxb4 46. Rxc6+
bxc6 47. Rxb4 Rg5 1/2-1/2

[Event "36 R.G.Nezhmetdinov Memorial"]
[Site "Kazan"]
[Date "2014.06.03"]
[Round "4.6"]
[White "Lintchevski, Daniil"]
[Black "Galliamova, Alisa"]
[Result "1-0"]
[WhiteElo "2546"]
[BlackElo "2466"]
[PlyCount "99"]
[EventDate "2014.??.??"]

1. d4 d5 2. c4 c6 3. Nc3 Nf6 4. e3 e6 5. Nf3 Nbd7 6. Bd3 dxc4 7. Bxc4 b5 8. Bd3
b4 9. Ne4 Nxe4 10. Bxe4 Bb7 11. O-O Bd6 12. Nd2 Qc7 13. h3 c5 14. dxc5 Nxc5 15.
Bxb7 Nxb7 16. Qa4+ Qd7 17. Qxd7+ Kxd7 18. Nc4 Bc7 19. Rd1+ Ke7 20. Kf1 a5 21.
Bd2 Nd6 22. Rac1 Rhc8 23. b3 Nxc4 24. Rxc4 Bd6 25. Rdc1 Kd7 26. Ke2 Rxc4 27.
Rxc4 Rc8 28. Rxc8 Kxc8 29. Bc1 Kd7 30. Bb2 f6 31. Kd3 Kc6 32. Kc4 h5 33. f3 Be7
34. g4 g6 35. gxh5 gxh5 36. e4 f5 37. exf5 exf5 38. Bg7 Bc5 39. Bf6 Bb6 40. Bg5
Bc7 41. Kd4 Bg3 42. Bd8 Kb5 43. Kd5 a4 44. Be7 axb3 45. axb3 Bc7 46. Ke6 f4 47.
Bd6 Bxd6 48. Kxd6 Kb6 49. h4 Kb5 50. Kd5 1-0

[Event "36 R.G.Nezhmetdinov Memorial"]
[Site "Kazan"]
[Date "2014.06.03"]
[Round "4.7"]
[White "Tunik, Gennady"]
[Black "Yudin, Sergei"]
[Result "0-1"]
[WhiteElo "2430"]
[BlackElo "2546"]
[PlyCount "86"]
[EventDate "2014.??.??"]

1. d4 d5 2. c4 e6 3. Nf3 c6 4. Qc2 dxc4 5. Qxc4 Nf6 6. Bg5 b5 7. Qc2 Bb7 8. e3
Nbd7 9. Be2 a6 10. a4 Rc8 11. Nbd2 Be7 12. O-O c5 13. dxc5 Rxc5 14. Qb1 b4 15.
Rc1 O-O 16. Rxc5 Nxc5 17. Qc2 Qa8 18. Bxf6 gxf6 19. Nb3 Be4 20. Qc4 Nxb3 21.
Qxb3 Rc8 22. Ne1 a5 23. Bb5 f5 24. Qd1 Bf6 25. Qe2 b3 26. Bd3 Bxd3 27. Nxd3 Qa6
28. Qf1 Rc2 29. g3 Qc4 30. Qd1 h6 31. h3 Kh7 32. g4 fxg4 33. hxg4 Bxb2 34. Rb1
Bg7 35. Ne1 Qe2 36. Qxe2 Rxe2 37. Nd3 b2 38. Kg2 Rd2 39. Ne1 Rd7 40. Kf3 Rc7
41. Nd3 Rc4 42. e4 Bd4 43. g5 Rxa4 0-1

[Event "36 R.G.Nezhmetdinov Memorial"]
[Site "Kazan"]
[Date "2014.06.03"]
[Round "4.8"]
[White "Smirnov, Alexey"]
[Black "Popov, Ivan"]
[Result "1/2-1/2"]
[WhiteElo "2407"]
[BlackElo "2650"]
[PlyCount "129"]
[EventDate "2014.??.??"]

1. d4 Nf6 2. c4 g6 3. Nc3 d5 4. Nf3 Bg7 5. cxd5 Nxd5 6. e4 Nxc3 7. bxc3 c5 8.
Rb1 O-O 9. Be2 Nc6 10. d5 Ne5 11. Nxe5 Bxe5 12. Qd2 e6 13. f4 Bg7 14. O-O exd5
15. exd5 b6 16. Rb3 Re8 17. Bb2 Qe7 18. Rf2 Bf5 19. Bf1 Qd6 20. c4 Bxb2 21.
Rxb2 Re4 22. a4 Rae8 23. a5 Rd4 24. Qc3 h5 25. g3 h4 26. Rfe2 Rxe2 27. Rxe2 Kh7
28. Re5 Kg7 29. Be2 bxa5 30. Qxa5 Qb6 31. Qa1 a5 32. Re3 a4 33. Kf2 Qb1 34.
Qxb1 Bxb1 35. Rc3 Ba2 36. Ke3 hxg3 37. hxg3 Bb3 38. Bd3 Kf6 39. Kd2 g5 40.
fxg5+ Kxg5 41. Rc1 Kf6 42. Kc3 Ke7 43. Re1+ Kd6 44. Rf1 Ke7 45. Re1+ Kd6 46.
Rh1 Rg4 47. Rh6+ Ke5 48. Rc6 Rxg3 49. Rxc5 Rg1 50. Rc8 Rc1+ 51. Kb4 f5 52. Re8+
Kd4 53. d6 Kxd3 54. Rc8 Rd1 55. d7 Ke3 56. Re8+ Kf2 57. d8=Q Rxd8 58. Rxd8 f4
59. c5 f3 60. c6 Be6 61. Re8 Bh3 62. Kxa4 Kg3 63. Rg8+ Kh2 64. Rh8 f2 65. Rxh3+
1/2-1/2

[Event "36 R.G.Nezhmetdinov Memorial"]
[Site "Kazan"]
[Date "2014.06.03"]
[Round "4.9"]
[White "Vastrukhin, Oleg"]
[Black "Andriasian, Zaven"]
[Result "0-1"]
[WhiteElo "2401"]
[BlackElo "2611"]
[PlyCount "46"]
[EventDate "2014.??.??"]

1. Nf3 d5 2. g3 Nc6 3. d4 Bg4 4. Bg2 Qd7 5. O-O O-O-O 6. Nbd2 f6 7. c4 dxc4 8.
Qa4 Kb8 9. Qxc4 Nxd4 10. Nb3 Bxf3 11. exf3 e5 12. Be3 b5 13. Qd3 Nxf3+ 14. Bxf3
Qxd3 15. Rfd1 Qxd1+ 16. Bxd1 Bd6 17. Be2 Ne7 18. Bxb5 c6 19. Ba6 Bc7 20. Bc5
Nf5 21. a4 Bb6 22. a5 Bxc5 23. Nxc5 Rd2 0-1

[Event "36 R.G.Nezhmetdinov Memorial"]
[Site ", "]
[Date "2014.06.03"]
[Round "4.10"]
[White "Timofeev, Artyom"]
[Black "Petrov, Nikita"]
[Result "1-0"]
[WhiteElo "2603"]
[BlackElo "2359"]
[PlyCount "73"]
[EventDate "2014.??.??"]

1. d4 Nf6 2. c4 c5 3. d5 b5 4. cxb5 a6 5. bxa6 g6 6. Nc3 Bg7 7. e4 O-O 8. Nf3
Qa5 9. Nd2 Bxa6 10. Bxa6 Qxa6 11. Qe2 e6 12. Nc4 exd5 13. exd5 Re8 14. Ne3 Ne4
15. Bd2 Qb7 16. Nxe4 Qxb2 17. O-O Rxe4 18. a4 f5 19. Rac1 f4 20. Rc4 Rxa4 21.
Rxa4 Rxa4 22. Nd1 Qe5 23. Qb5 Ra2 24. Bc3 Qd6 25. Bxg7 Kxg7 26. Nc3 Ra8 27. Qb7
Ra6 28. Re1 Rb6 29. Qc8 Qf8 30. Qc7 Rb3 31. Ne4 Qf5 32. h4 f3 33. Qd6 fxg2 34.
Qe7+ Kh6 35. Nf6 g5 36. Qf8+ Kg6 37. h5# 1-0

[Event "36 R.G.Nezhmetdinov Memorial"]
[Site ", "]
[Date "2014.06.03"]
[Round "4.11"]
[White "Faizrakhmanov, Ramil"]
[Black "Bocharov, Dmitry"]
[Result "0-1"]
[WhiteElo "2364"]
[BlackElo "2598"]
[PlyCount "74"]
[EventDate "2014.??.??"]

1. d4 d6 2. Nf3 Nf6 3. c4 g6 4. Nc3 Bf5 5. g3 Bg7 6. Bg2 O-O 7. O-O Nc6 8. b3
e5 9. dxe5 dxe5 10. Ba3 Re8 11. Qxd8 Raxd8 12. Rad1 e4 13. Ng5 h6 14. Rxd8 Nxd8
15. Nh3 Ne6 16. Rd1 c6 17. Na4 g5 18. Nc5 Bf8 19. Bb2 Nxc5 20. Bxf6 a5 21. Bc3
a4 22. b4 Na6 23. a3 Be6 24. c5 Nc7 25. Kf1 Nb5 26. Bb2 Bg7 27. Bxg7 Kxg7 28.
Ra1 Rd8 29. Ng1 f5 30. g4 Nxa3 31. Bh1 Nc2 32. Rxa4 Rd1+ 33. Kg2 Ne1+ 34. Kg3
f4+ 35. Kh3 h5 36. f3 exf3 37. exf3 Rd3 0-1

[Event "36 R.G.Nezhmetdinov Memorial"]
[Site ", "]
[Date "2014.06.03"]
[Round "4.12"]
[White "Gerasimov, Ivan"]
[Black "Danin, Alexandre"]
[Result "0-1"]
[WhiteElo "2346"]
[BlackElo "2594"]
[PlyCount "80"]
[EventDate "2014.??.??"]

1. e4 c6 2. d4 d5 3. e5 Bf5 4. Nd2 e6 5. Nb3 Nd7 6. Be3 f6 7. Nf3 Qc7 8. exf6
Ngxf6 9. Nh4 Bd6 10. Nxf5 exf5 11. Qd3 g6 12. O-O-O O-O-O 13. g3 Rde8 14. Bh3
Re6 15. f3 Rhe8 16. Bd2 Nb6 17. Nc5 Bxc5 18. dxc5 Nc4 19. Bc3 Qg7 20. Kb1 Qh6
21. Bf1 Ne5 22. Bxe5 Rxe5 23. Qc3 Nd7 24. f4 Re3 25. Qa5 Qf8 26. b4 Kb8 27. Bd3
Qf6 28. Qa3 Qe7 29. Qc3 Nf6 30. Qd4 Ng4 31. Rdf1 Kc7 32. Kb2 b6 33. Kc1 Nf6 34.
cxb6+ axb6 35. Qb2 Ne4 36. Qa3 Qf6 37. Qa7+ Kd6 38. Bxe4 Qa1+ 39. Kd2 Qc3+ 40.
Kd1 R3xe4 0-1

[Event "36 R.G.Nezhmetdinov Memorial"]
[Site ", "]
[Date "2014.06.03"]
[Round "4.13"]
[White "Morgunov, Anatoly"]
[Black "Fedorov, Alexei"]
[Result "1/2-1/2"]
[WhiteElo "2307"]
[BlackElo "2574"]
[PlyCount "79"]
[EventDate "2014.??.??"]

1. e4 c5 2. Nf3 e6 3. d4 cxd4 4. Nxd4 a6 5. Bd3 Bc5 6. Nb3 Be7 7. Qg4 g6 8. O-O
d6 9. Be3 Nf6 10. Qe2 O-O 11. a4 b6 12. Na3 Nbd7 13. Nc4 d5 14. Ncd2 Qc7 15. f4
dxe4 16. Nxe4 Bb7 17. Bd4 Nd5 18. Qf2 Nxf4 19. Qxf4 Qxf4 20. Rxf4 e5 21. Rff1
exd4 22. Nxd4 Ne5 23. Nf6+ Bxf6 24. Rxf6 Nxd3 25. cxd3 Rfd8 26. Rxb6 Bxg2 27.
Ne6 fxe6 28. Kxg2 Rxd3 29. Re1 Rd2+ 30. Kg3 Rd3+ 31. Kg2 Rc8 32. Rbxe6 Rc2+ 33.
R1e2 Rxe2+ 34. Rxe2 Kf7 35. Rc2 Rb3 36. Rc6 Rxb2+ 37. Kg3 Rb3+ 38. Kg2 Ra3 39.
Rxa6 g5 40. a5 1/2-1/2

[Event "36 R.G.Nezhmetdinov Memorial"]
[Site ", "]
[Date "2014.06.03"]
[Round "4.14"]
[White "Dvoirys, Semen I"]
[Black "Denisov, Lev"]
[Result "1-0"]
[WhiteElo "2557"]
[BlackElo "2302"]
[PlyCount "53"]
[EventDate "2014.??.??"]

1. e4 e5 2. Nf3 Nc6 3. Bb5 a6 4. Ba4 Nf6 5. O-O Be7 6. Re1 b5 7. Bb3 d6 8. c3
O-O 9. h3 Nb8 10. d4 Nbd7 11. Nbd2 Bb7 12. Bc2 Re8 13. Nf1 Bf8 14. Ng3 g6 15.
a4 Bg7 16. Bd3 c6 17. Be3 Qc7 18. Qd2 d5 19. dxe5 Nxe4 20. Bxe4 dxe4 21. Nxe4
Nxe5 22. Nxe5 Rad8 23. Bb6 Qxb6 24. Nd7 Rxd7 25. Nf6+ Bxf6 26. Rxe8+ Kg7 27.
Qxd7 1-0

[Event "36 R.G.Nezhmetdinov Memorial"]
[Site ", "]
[Date "2014.06.03"]
[Round "4.15"]
[White "Amerzianov, Timur"]
[Black "Ibragimov, Ildar"]
[Result "0-1"]
[WhiteElo "2301"]
[BlackElo "2557"]
[PlyCount "82"]
[EventDate "2014.??.??"]

1. e4 e6 2. d4 d5 3. Nd2 a6 4. Bd3 c5 5. dxc5 Bxc5 6. Ngf3 Nc6 7. O-O Nge7 8.
exd5 exd5 9. Nb3 Bd6 10. Re1 Bg4 11. h3 Bh5 12. Be3 h6 13. c3 O-O 14. Bc5 Re8
15. g4 Bxc5 16. Nxc5 Bg6 17. Bxg6 Nxg6 18. Rxe8+ Qxe8 19. Qxd5 Nf4 20. Qf5
Nxh3+ 21. Kg2 b6 22. Kxh3 bxc5 23. Qxc5 Nd8 24. Nd4 Ne6 25. Nxe6 Qxe6 26. Qe3
Qd5 27. b3 h5 28. c4 hxg4+ 29. Kxg4 Qg2+ 30. Qg3 f5+ 31. Kh4 Qe4+ 32. Kh3 Rd8
33. f3 Qd4 34. Qh4 Qd3 35. Qh5 Rd6 36. Rg1 Qe3 37. Rg6 Rd1 38. Rg2 Rh1+ 39. Rh2
Rf1 40. Kg3 Rg1+ 41. Kh3 Qe1 0-1

[Event "36 R.G.Nezhmetdinov Memorial"]
[Site ", "]
[Date "2014.06.03"]
[Round "4.16"]
[White "Turkin, Viktor"]
[Black "Demidov, Mikhail"]
[Result "1-0"]
[WhiteElo "2285"]
[BlackElo "2512"]
[PlyCount "73"]
[EventDate "2014.??.??"]

1. e4 e6 2. d4 d5 3. Nc3 Nc6 4. Nf3 Nf6 5. Bd3 Bb4 6. Bg5 h6 7. Bxf6 Qxf6 8.
O-O Bxc3 9. bxc3 O-O 10. Re1 Bd7 11. Rb1 b6 12. h3 dxe4 13. Rxe4 Rad8 14. Qe2
Ne7 15. Rg4 h5 16. Rg3 Qh6 17. Nh4 Nd5 18. Rb3 Be8 19. Qe5 Rd6 20. c4 f6 21.
Qe4 Nf4 22. Ra3 Nxd3 23. Raxd3 Bf7 24. Kh2 Rfd8 25. d5 Re8 26. dxe6 Rdxe6 27.
Qf3 Qc1 28. Nf5 g5 29. Rd7 Rf8 30. Nh6+ Kg7 31. Qxh5 Re1 32. Rxf7+ Rxf7 33.
Qxf7+ Kxh6 34. Qxf6+ Kh5 35. Qf7+ Kh6 36. Qf6+ Kh5 37. Rxg5+ 1-0

[Event "36 R.G.Nezhmetdinov Memorial"]
[Site ", "]
[Date "2014.06.03"]
[Round "4.16"]
[White "Yapparov, Timur"]
[Black "Pogonina, Natalija"]
[Result "0-1"]
[WhiteElo "2215"]
[BlackElo "2501"]
[PlyCount "197"]
[EventDate "2014.??.??"]

1. Nf3 d5 2. d4 Nf6 3. c4 e6 4. Nc3 Be7 5. Bf4 O-O 6. e3 b6 7. cxd5 Nxd5 8.
Nxd5 exd5 9. Bd3 c5 10. O-O Nc6 11. Ne5 Nxe5 12. Bxe5 Be6 13. Qh5 f5 14. dxc5
bxc5 15. Rac1 Bd6 16. Bxd6 Qxd6 17. Rfd1 Rac8 18. b3 Qe5 19. Qh4 h6 20. g3 Kh8
21. Qa4 Rf7 22. Ba6 Rcc7 23. Qa5 Qd6 24. Bf1 Qb6 25. Qd2 Rfd7 26. Qb2 a5 27.
Qe5 Qd6 28. Qxd6 Rxd6 29. Rc3 Rc8 30. f4 Kg8 31. Rdc1 c4 32. bxc4 dxc4 33. Bxc4
Rxc4 34. Rxc4 Bxc4 35. Rxc4 Rd1+ 36. Kg2 Rd2+ 37. Kf3 Rxa2 38. h3 h5 39. Rc5 g6
40. Rc6 Kg7 41. Rc7+ Kh6 42. g4 hxg4+ 43. hxg4 fxg4+ 44. Kxg4 Ra1 45. Ra7 a4
46. Kf3 a3 47. Ke4 a2 48. Ke5 Kh5 49. Kf6 Kh4 50. Ra5 g5 51. fxg5 Rf1+ 52. Ke7
a1=Q 53. Rxa1 Rxa1 54. g6 Kg5 55. g7 Ra7+ 56. Kf8 Kf6 57. g8=N+ Ke6 58. Nh6 Rh7
59. Ng8 Rh3 60. Kg7 Rg3+ 61. Kf8 Rxe3 62. Kg7 Rg3+ 63. Kf8 Rg6 64. Ne7 Rf6+ 65.
Ke8 Rh6 66. Ng8 Rh7 67. Kf8 Rf7+ 68. Ke8 Rf1 69. Nh6 Kf6 70. Ng8+ Kg7 71. Ne7
Rd1 72. Nc6 Kf6 73. Nd8 Rd2 74. Nc6 Rc2 75. Nd8 Rc7 76. Kf8 Re7 77. Nc6 Re2 78.
Nd8 Re1 79. Nf7 Ke6 80. Nd8+ Kd7 81. Nf7 Rf1 82. Kg7 Ke6 83. Nd8+ Ke7 84. Nc6+
Kd7 85. Ne5+ Ke6 86. Ng6 Rg1 87. Kh6 Kf6 88. Nh4 Rg5 89. Nf3 Rg4 90. Kh5 Rg8
91. Nh4 Rg3 92. Kh6 Rg4 93. Kh5 Rf4 94. Ng2 Rf5+ 95. Kg4 Rg5+ 96. Kh3 Kf5 97.
Nh4+ Ke4 98. Kh2 Kf4 99. Kh3 0-1

[Event "36 R.G.Nezhmetdinov Memorial"]
[Site ", "]
[Date "2014.06.03"]
[Round "4.19"]
[White "Kuderinov, Kirill"]
[Black "Gorozhanin, Mikhail"]
[Result "1/2-1/2"]
[WhiteElo "2442"]
[BlackElo "2299"]
[PlyCount "78"]
[EventDate "2014.??.??"]

1. e4 c5 2. Nf3 g6 3. c3 Bg7 4. Bc4 e6 5. O-O Ne7 6. d4 cxd4 7. cxd4 d5 8. Bd3
dxe4 9. Bxe4 Nbc6 10. Nc3 O-O 11. Bg5 h6 12. Bh4 g5 13. Bg3 Nxd4 14. Nxd4 Qxd4
15. Bd6 Qxd1 16. Raxd1 Bxc3 17. bxc3 Re8 18. Rfe1 Kg7 19. f4 Nc6 20. Rd3 f6 21.
h4 gxh4 22. Rh3 e5 23. f5 Nd8 24. c4 Nf7 25. c5 Ng5 26. Rb3 Nxe4 27. Rxe4 b6
28. Rxh4 Bxf5 29. Rg3+ Kf7 30. Rxh6 bxc5 31. Bxc5 Rec8 32. Be3 Rg8 33. Rf3 Ke6
34. Bf2 Rg6 35. Rh4 Rg4 36. Rc3 Kd5 37. Rd3+ Ke6 38. Rc3 Kd6 39. Rd3+ Ke6
1/2-1/2

[Event "36 R.G.Nezhmetdinov Memorial"]
[Site ", "]
[Date "2014.06.03"]
[Round "4.20"]
[White "Ulko, Jaroslav"]
[Black "Yeletsky, Ivan"]
[Result "1/2-1/2"]
[WhiteElo "2422"]
[BlackElo "2200"]
[PlyCount "80"]
[EventDate "2014.??.??"]

1. d4 Nf6 2. c4 g6 3. Nc3 d5 4. cxd5 Nxd5 5. e4 Nxc3 6. bxc3 Bg7 7. Be3 c5 8.
Qd2 O-O 9. Rc1 e5 10. d5 Qd6 11. Bd3 f5 12. f3 Nd7 13. Nh3 Nf6 14. O-O fxe4 15.
fxe4 Bxh3 16. gxh3 Nh5 17. Qb2 Nf4 18. Bxf4 exf4 19. Qxb7 f3 20. Rxf3 Rxf3 21.
Qxa8+ Rf8 22. Qc6 Qf4 23. Qe6+ Kh8 24. Rf1 Qe3+ 25. Kg2 Qd2+ 26. Kg1 Qe3+ 27.
Kg2 Qd2+ 28. Kg1 Qxd3 29. Rxf8+ Bxf8 30. Qe5+ Kg8 31. Qe6+ Kg7 32. Qe5+ Kf7 33.
Qe6+ Kg7 34. Qe5+ Kh6 35. Qf4+ Kg7 36. Qe5+ Kh6 37. Qf4+ Kg7 38. Qe5+ Kh6 39.
Qf4+ Kg7 40. Qe5+ Kh6 1/2-1/2

[Event "36 R.G.Nezhmetdinov Memorial"]
[Site ", "]
[Date "2014.06.03"]
[Round "4.21"]
[White "Gaifullin, Artur"]
[Black "Isajevsky, Anton"]
[Result "1-0"]
[WhiteElo "2130"]
[BlackElo "2416"]
[PlyCount "87"]
[EventDate "2014.??.??"]

1. d4 Nf6 2. c4 e6 3. Nf3 b6 4. a3 Ba6 5. Qc2 Bb7 6. Nc3 c5 7. e3 Be7 8. Be2
O-O 9. O-O cxd4 10. exd4 d5 11. Be3 dxc4 12. Bxc4 Nc6 13. Rad1 Na5 14. Ba2 Rc8
15. Qd3 Nd5 16. Ne4 Nxe3 17. fxe3 Bd5 18. Bxd5 Qxd5 19. Ne5 f6 20. Nf3 Qc4 21.
Nf2 Qxd3 22. Nxd3 Rfd8 23. Rfe1 Kf7 24. Re2 Nb3 25. Rf2 Ke8 26. Nf4 Rc6 27.
Rdf1 Rdc8 28. g4 Kd7 29. g5 Rc2 30. Nh5 Kd6 31. Nxg7 fxg5 32. Nh5 Rxf2 33. Rxf2
a5 34. Ng3 Rc1+ 35. Kg2 Kd5 36. Ne2 Rc8 37. Nc3+ Rxc3 38. bxc3 Kc4 39. Ne5+
Kxc3 40. a4 Bd6 41. Nd7 Bc7 42. Rf6 Kb4 43. Rxe6 Kxa4 44. Nxb6+ 1-0

[Event "36 R.G.Nezhmetdinov Memorial"]
[Site ", "]
[Date "2014.06.03"]
[Round "4.22"]
[White "Yagupov, Igor"]
[Black "Kozina, Anastasia"]
[Result "1-0"]
[WhiteElo "2414"]
[BlackElo "1886"]
[PlyCount "87"]
[EventDate "2014.??.??"]

1. Nf3 Nf6 2. c4 e6 3. g3 a6 4. Bg2 b5 5. Ne5 d5 6. cxd5 exd5 7. d4 Be7 8. Bf4
O-O 9. Nd2 c5 10. dxc5 Bxc5 11. Nd3 Bb6 12. O-O Bb7 13. a4 bxa4 14. Qxa4 Nc6
15. Nb3 Ne4 16. Ne5 Nxe5 17. Bxe5 Rc8 18. Rac1 Rxc1 19. Nxc1 Qe7 20. Bd4 Qe6
21. Nb3 Rc8 22. Qb4 Rc4 23. Qxb6 Qxb6 24. Bxb6 Rb4 25. Nc5 Rxb6 26. Bxe4 dxe4
27. Rd1 h6 28. Rd8+ Kh7 29. Rb8 Rb5 30. b4 Bd5 31. Nxa6 Rxb8 32. Nxb8 Bc4 33.
Nc6 Kg8 34. Kf1 Kf8 35. Ke1 f5 36. Kd2 Ba6 37. e3 Kf7 38. Kc3 Ke6 39. b5 Bc8
40. Kd4 Kd6 41. Na5 g5 42. Nc4+ Ke6 43. Kc5 h5 44. Nd6 1-0

[Event "36 R.G.Nezhmetdinov Memorial"]
[Site ", "]
[Date "2014.06.03"]
[Round "4.23"]
[White "Ponkratov, Pavel"]
[Black "Igonin, Temur"]
[Result "1-0"]
[WhiteElo "2595"]
[BlackElo "2215"]
[PlyCount "89"]
[EventDate "2014.??.??"]

1. d4 d5 2. c4 dxc4 3. Nf3 Nf6 4. Nc3 a6 5. e4 b5 6. e5 Nd5 7. a4 e6 8. axb5
Nb6 9. Be3 Bb7 10. bxa6 Rxa6 11. Rxa6 Nxa6 12. Be2 Be7 13. Nd2 O-O 14. Nxc4
Nxc4 15. Bxc4 Qd7 16. Qg4 Kh8 17. Bb5 c6 18. Bc4 Nb4 19. O-O Ba6 20. b3 Qb7 21.
Ne4 Rd8 22. h3 Nc2 23. Bxa6 Qxa6 24. Bg5 Rd7 25. Qh5 Qa8 26. Qxf7 Qg8 27. Qxg8+
Kxg8 28. Bxe7 Rxe7 29. Rd1 Rd7 30. Nd6 Rd8 31. Rd2 Nb4 32. g3 Ra8 33. Ne4 Kf7
34. Ng5+ Ke7 35. Nxh7 Ra3 36. Ng5 Rxb3 37. Kg2 Rc3 38. h4 Nc2 39. Kh3 Rc4 40.
Nf3 Rc3 41. Kg4 Rc4 42. Kh5 Rc3 43. Ng5 Rc4 44. Kg6 Nxd4 45. Ra2 1-0

[Event "36 R.G.Nezhmetdinov Memorial"]
[Site ", "]
[Date "2014.06.03"]
[Round "4.24"]
[White "Yuferev, Oleg"]
[Black "Pasiev, Rakhim"]
[Result "1-0"]
[WhiteElo "2250"]
[BlackElo "2410"]
[PlyCount "131"]
[EventDate "2014.??.??"]

1. d4 d6 2. Nf3 Nf6 3. c4 g6 4. Nc3 Bg7 5. e4 O-O 6. Be2 c5 7. O-O cxd4 8. Nxd4
Nc6 9. Be3 Bd7 10. Nc2 Rc8 11. f3 Be6 12. Qd2 Nd7 13. Rac1 a6 14. b3 Qa5 15. b4
Qd8 16. Nd5 Nce5 17. Nd4 Bxd5 18. cxd5 Nb6 19. Rxc8 Qxc8 20. Rc1 Qd7 21. Nb3
Na4 22. h3 b5 23. f4 Nc4 24. Bxc4 bxc4 25. Rxc4 Rc8 26. Qc2 Nc3 27. Rxc8+ Qxc8
28. Na5 f5 29. Nc6 Kf8 30. Nd4 Qc4 31. Ne6+ Kg8 32. Kh2 Qxe4 33. Qxe4 fxe4 34.
Nxg7 Nxd5 35. Bd4 Kf7 36. f5 Nxb4 37. g4 e3 38. Ne6 e2 39. Ng5+ Ke8 40. Nf3
gxf5 41. gxf5 Nxa2 42. Kg3 Nc1 43. Kf2 a5 44. Ke3 a4 45. Bb2 Nb3 46. Kxe2 h6
47. Nd2 a3 48. Bc3 Nc1+ 49. Ke3 Kf7 50. Nc4 a2 51. Na5 e5 52. fxe6+ Kxe6 53.
Kd2 a1=Q 54. Bxa1 Na2 55. Bg7 h5 56. Ke3 Nb4 57. Nb3 Kf5 58. Kf3 Nd3 59. Nd4+
Kg6 60. Bf8 d5 61. Be7 Ne5+ 62. Kf4 Nd3+ 63. Ke3 Ne5 64. Bh4 Nc4+ 65. Kf4 Nd6
66. Nc6 1-0

[Event "36 R.G.Nezhmetdinov Memorial"]
[Site ", "]
[Date "2014.06.03"]
[Round "4.25"]
[White "Lomasov, Semen"]
[Black "Ponfilenok, Vladimir"]
[Result "1/2-1/2"]
[WhiteElo "2188"]
[BlackElo "2399"]
[PlyCount "80"]
[EventDate "2014.??.??"]

1. e4 e6 2. d4 d5 3. Nc3 Bb4 4. exd5 exd5 5. Bd3 Nf6 6. Nge2 O-O 7. O-O Bg4 8.
f3 Bh5 9. Nf4 c6 10. Nxh5 Nxh5 11. a3 Bd6 12. f4 Nf6 13. Qf3 Re8 14. Bd2 Nbd7
15. Be1 Qe7 16. Bh4 Qe3+ 17. Qxe3 Rxe3 18. f5 Ree8 19. Rae1 Kf8 20. h3 h6 21.
g4 Nh7 22. Kg2 Ng5 23. Rxe8+ Rxe8 24. Re1 Nb6 25. Rxe8+ Kxe8 26. Be1 f6 27. Bd2
Nf7 28. h4 Ke7 29. Kf3 Kd7 30. Ne2 Na4 31. Bc1 b5 32. Nf4 Bxf4 33. Kxf4 Nb6 34.
b3 Nc8 35. Bd2 Ncd6 36. Bb4 a6 37. Bc5 Ke8 38. Bb4 Kd7 39. Bc5 Ke8 40. Bb4 Kd7
1/2-1/2

[Event "36 R.G.Nezhmetdinov Memorial"]
[Site ", "]
[Date "2014.06.03"]
[Round "4.26"]
[White "Ofitserian, Boris"]
[Black "Kostin, Konstantin"]
[Result "1/2-1/2"]
[WhiteElo "2132"]
[BlackElo "2344"]
[PlyCount "70"]
[EventDate "2014.??.??"]

1. d4 Nf6 2. c4 e6 3. g3 d5 4. Nf3 Be7 5. Bg2 O-O 6. O-O dxc4 7. Qc2 a6 8. a4
Bd7 9. Rd1 Bc6 10. Nc3 Bxf3 11. Bxf3 Nc6 12. Bxc6 bxc6 13. Ne4 Nxe4 14. Qxe4
Qd5 15. Qc2 Rfb8 16. e4 Qh5 17. Bf4 Bd6 18. e5 Bf8 19. Qxc4 Qf3 20. Rd3 Qe2 21.
b3 Rb4 22. Qc3 Qe4 23. Rc1 Rd8 24. Re3 Qf5 25. Ree1 c5 26. dxc5 Rxf4 27. gxf4
Rd3 28. Qc2 Qg4+ 29. Kh1 Qf3+ 30. Kg1 Qg4+ 31. Kh1 Qf3+ 32. Kg1 Qg4+ 33. Kh1
Qf3+ 34. Kg1 Qg4+ 35. Kh1 Qf3+ 1/2-1/2

[Event "36 R.G.Nezhmetdinov Memorial"]
[Site ", "]
[Date "2014.06.03"]
[Round "4.27"]
[White "Rodchenkov, Vitaly"]
[Black "Mirzanurov, Bulat"]
[Result "1-0"]
[WhiteElo "2328"]
[BlackElo "2195"]
[PlyCount "83"]
[EventDate "2014.??.??"]

1. e4 e6 2. d4 d5 3. exd5 exd5 4. Bd3 Bd6 5. Qf3 c6 6. Ne2 Qf6 7. Qxf6 Nxf6 8.
Bf4 Bxf4 9. Nxf4 O-O 10. f3 Re8+ 11. Kf2 Nbd7 12. Nd2 Nf8 13. Rhe1 Bd7 14. Rxe8
Rxe8 15. c3 Ng6 16. Nxg6 hxg6 17. a4 Bf5 18. Bf1 a5 19. g4 Bc8 20. b4 axb4 21.
cxb4 Bd7 22. Nb3 Kf8 23. a5 Rb8 24. Nc5 Ke7 25. Ke3 Kd6 26. Kd2 Be6 27. Kc3 Nd7
28. a6 bxa6 29. Rxa6 Nxc5 30. dxc5+ Kc7 31. Ra7+ Rb7 32. Rxb7+ Kxb7 33. g5 Kc7
34. Kd4 Bf5 35. b5 cxb5 36. Bxb5 Be6 37. Ke5 Bh3 38. Be8 Be6 39. h4 Kd8 40. Bc6
d4 41. Kxd4 Ke7 42. Bb7 1-0